[Event "23rd EUR-ch"]
[Site "Vrnjacka Banja SRB"]
[Date "2023.03.12"]
[Round "10.5"]
[White "Anton Guijarro, David"]
[Black "Kadric, Denis"]
[Result "1-0"]
[WhiteElo "2685"]
[BlackElo "2583"]
[EventDate "2023.03.03"]
[PlyCount "61"]

1.d4 Nf6 2.c4 d6 3.Nc3 g6 4.e4 Bg7 5.Be2 O-O 6.Be3 Na6 7.h4 h5 8.f3 c5 9.
d5 Nc7 10.Qd2 e6 11.Bg5 exd5 12.exd5 b5 13.cxb5 a6 14.bxa6 Bxa6 15.g4 Qe8 
16.Bxf6 Bxf6 17.gxh5 Bxc3 18.bxc3 Qe5 19.Kf2 Nxd5 20.Bxa6 Rxa6 21.Ne2 Kh7 
22.Rag1 Re8 23.hxg6+ fxg6 24.h5 g5 25.Rxg5 Qe3+ 26.Qxe3 Nxe3 27.Ra1 Nc2 
28.Rb1 Rxa2 29.Rb7+ Kh8 30.Nc1 Ra1 31.Rgg7 1-0

[Event "23rd EUR-ch"]
[Site "Vrnjacka Banja SRB"]
[Date "2023.03.12"]
[Round "10.6"]
[White "Ivic, Velimir"]
[Black "Predke, Alexander"]
[Result "1/2-1/2"]
[WhiteElo "2606"]
[BlackElo "2684"]
[EventDate "2023.03.03"]
[PlyCount "34"]

1.e4 c5 2.Nf3 e6 3.b3 a6 4.Bb2 d5 5.exd5 exd5 6.Qe2+ Be6 7.g3 Nc6 8.Bg2 d4
9.O-O Be7 10.Ne5 Nxe5 11.Qxe5 Rb8 12.c3 b6 13.Qe4 Nf6 14.Qc6+ Bd7 15.Qf3 
Bg4 16.Qc6+ Bd7 17.Qf3 Bg4 1/2-1/2

[Event "23rd EUR-ch"]
[Site "Vrnjacka Banja SRB"]
[Date "2023.03.12"]
[Round "10.7"]
[White "Gelfand, Boris"]
[Black "Lupulescu, Constantin"]
[Result "1/2-1/2"]
[WhiteElo "2674"]
[BlackElo "2580"]
[EventDate "2023.03.03"]
[PlyCount "57"]

1.d4 d5 2.c4 e6 3.Nf3 Nf6 4.g3 Bb4+ 5.Bd2 Be7 6.Bg2 c6 7.O-O O-O 8.Qc2 
Nbd7 9.b3 b6 10.Nc3 Ba6 11.e4 dxc4 12.Rfe1 cxb3 13.axb3 Bb7 14.h4 h6 15.e5
Nd5 16.Nxd5 cxd5 17.g4 a5 18.g5 h5 19.g6 Qe8 20.Bh3 Rc8 21.Qb1 Rc6 22.b4 
fxg6 23.b5 Rc4 24.Bxe6+ Kh7 25.Ra3 Rxd4 26.Nxd4 Bxa3 27.Bxd7 Qxd7 28.e6 
Qe7 29.Bg5 1/2-1/2

[Event "23rd EUR-ch"]
[Site "Vrnjacka Banja SRB"]
[Date "2023.03.12"]
[Round "10.8"]
[White "Grandelius, Nils"]
[Black "Azarov, Sergei"]
[Result "1/2-1/2"]
[WhiteElo "2658"]
[BlackElo "2559"]
[EventDate "2023.03.03"]
[PlyCount "106"]

1.e4 e5 2.Nf3 Nc6 3.Bb5 a6 4.Ba4 Nf6 5.O-O Be7 6.Re1 b5 7.Bb3 d6 8.c3 O-O 
9.h3 Bb7 10.d4 Re8 11.Nbd2 Bf8 12.d5 Nb8 13.Nf1 Nbd7 14.Ng3 Nc5 15.Nh2 g6 
16.Bc2 Bg7 17.b4 Ncd7 18.Bb3 Nb6 19.Bg5 h6 20.Be3 Qe7 21.Qe2 Rac8 22.Red1 
Nc4 23.Bxc4 bxc4 24.Ng4 Nxg4 25.hxg4 c6 26.dxc6 Bxc6 27.Rd2 Qe6 28.Rad1 
Red8 29.f3 Ba4 30.Re1 Bc6 31.Red1 Ba4 32.Re1 Bc6 33.Kf2 d5 34.exd5 Rxd5 
35.Rxd5 Bxd5 36.Qd2 Rd8 37.Bxh6 Bf6 38.Qc1 Bb7 39.Bg5 Rd3 40.Ne4 Bxe4 41.
Rxe4 Bxg5 42.Qxg5 Rxc3 43.Rxe5 Rc2+ 44.Kg1 Qd6 45.Re8+ Kg7 46.Qe5+ Qxe5 
47.Rxe5 Rxa2 48.Rc5 Ra4 49.Rxc4 a5 50.Kh2 Rxb4 51.Rc5 a4 52.g5 Rf4 53.Ra5 
Rf5 1/2-1/2

[Event "23rd EUR-ch"]
[Site "Vrnjacka Banja SRB"]
[Date "2023.03.12"]
[Round "10.9"]
[White "Iskandarov, Misratdin"]
[Black "Santos Latasa, Jaime"]
[Result "0-1"]
[WhiteElo "2598"]
[BlackElo "2655"]
[EventDate "2023.03.03"]
[PlyCount "116"]

1.c4 Nf6 2.Nf3 e6 3.g3 d5 4.Bg2 d4 5.O-O c5 6.e3 Nc6 7.exd4 cxd4 8.d3 Bd6 
9.Bg5 h6 10.Bxf6 Qxf6 11.Nbd2 Qe7 12.a3 a5 13.Re1 O-O 14.Rc1 Rd8 15.Ne4 
Bc7 16.c5 Ra6 17.Nfd2 f5 18.Nd6 Bxd6 19.cxd6 Qxd6 20.Nc4 Qb8 21.Qe2 a4 22.
f4 Bd7 23.Rc2 Kh7 24.Qf2 b5 25.Nd2 Qd6 26.g4 Ne7 27.gxf5 exf5 28.Nf3 Ng6 
29.Ne5 Nxe5 30.fxe5 Qe7 31.Rc7 Qe8 32.Kf1 Rc8 33.Rec1 Qd8 34.Rxc8 Bxc8 35.
Bh3 g6 36.Qc2 Be6 37.Qc7+ Qxc7 38.Rxc7+ Kg8 39.Bg2 Rb6 40.Bc6 Kf8 41.Kf2 
g5 42.Kf1 f4 43.Kf2 h5 44.Bd7 Kf7 45.Bc6+ Kf8 46.Bd7 Ke7 47.Bxb5+ Kd8 48.
Rc6 Rxb5 49.Rxe6 g4 50.Rd6+ Ke7 51.Rxd4 Rxb2+ 52.Kg1 f3 53.Rf4 Rg2+ 54.Kh1
Ke6 55.d4 Ra2 56.h3 Rxa3 57.hxg4 hxg4 58.Kg1 g3 0-1

[Event "23rd EUR-ch"]
[Site "Vrnjacka Banja SRB"]
[Date "2023.03.12"]
[Round "10.10"]
[White "Nguyen Thai Dai Van"]
[Black "Guliev, Namig"]
[Result "1-0"]
[WhiteElo "2651"]
[BlackElo "2528"]
[EventDate "2023.03.03"]
[PlyCount "67"]

1.d4 d5 2.c4 dxc4 3.e4 e5 4.Nf3 Bb4+ 5.Nc3 exd4 6.Nxd4 Nd7 7.Bxc4 Ngf6 8.
f3 O-O 9.Be2 c5 10.Nc2 Ba5 11.O-O a6 12.Bg5 Qb6 13.Rb1 Qe6 14.a4 b6 15.Ne3
Bb7 16.Nc4 Bb4 17.Nd6 Bc6 18.Bc4 Qe5 19.Nf5 Bxc3 20.bxc3 g6 21.Nh6+ Kg7 
22.Qd2 b5 23.Bf4 Qe8 24.Bd5 Nb6 25.Nf5+ Kh8 26.Nd6 Qd7 27.Be5 Qe7 28.Bxf6+
Qxf6 29.Bxc6 Rad8 30.e5 Nc4 31.Nxc4 Qxc6 32.Nd6 Kg8 33.axb5 axb5 34.Qe3 
1-0

[Event "23rd EUR-ch"]
[Site "Vrnjacka Banja SRB"]
[Date "2023.03.12"]
[Round "10.11"]
[White "Kourkoulos-Arditis, Stamatis"]
[Black "Abasov, Nijat"]
[Result "1-0"]
[WhiteElo "2520"]
[BlackElo "2625"]
[EventDate "2023.03.03"]
[PlyCount "83"]

1.d4 d5 2.c4 dxc4 3.Nf3 Nf6 4.e3 e6 5.Bxc4 c5 6.O-O a6 7.b3 Nbd7 8.Bb2 Be7
9.Be2 O-O 10.Nbd2 b6 11.Nc4 Bb7 12.dxc5 Bxc5 13.Rc1 Bd5 14.Nfe5 Nxe5 15.
Nxe5 Qb8 16.Bf3 Rd8 17.Bxd5 Rxd5 18.Qf3 Qe8 19.Rc2 Rad8 20.g3 h6 21.Rfc1 
Nh7 22.h4 a5 23.Nc4 Qe7 24.Kg2 Nf6 25.Ne5 Qd6 26.Nc4 Qe7 27.Bxf6 gxf6 28.
e4 Rd3 29.Qh5 Kh7 30.Rc3 Qb7 31.Rxd3 Rxd3 32.Qe2 Qd7 33.Rc2 Qd4 34.Nb2 Rc3
35.Rd2 Qe5 36.Rd7 f5 37.Qh5 Bf8 38.Qxf7+ Bg7 39.Nd3 Rxd3 40.Rxd3 Qxe4+ 41.
Rf3 b5 42.Qd7 1-0

[Event "23rd EUR-ch"]
[Site "Vrnjacka Banja SRB"]
[Date "2023.03.12"]
[Round "10.12"]
[White "Svane, Rasmus"]
[Black "Svane, Frederik"]
[Result "1/2-1/2"]
[WhiteElo "2620"]
[BlackElo "2577"]
[EventDate "2023.03.03"]
[PlyCount "31"]

1.d4 Nf6 2.c4 e6 3.Nc3 Bb4 4.Nf3 O-O 5.Bg5 d5 6.e3 c5 7.cxd5 exd5 8.dxc5 
Nbd7 9.Rc1 h6 10.Bxf6 Nxf6 11.a3 Bxc3+ 12.Rxc3 Ne4 13.Rc1 Qa5+ 14.Nd2 Re8 
15.Bd3 Nxc5 16.Qc2 1/2-1/2

[Event "23rd EUR-ch"]
[Site "Vrnjacka Banja SRB"]
[Date "2023.03.12"]
[Round "10.13"]
[White "Gumularz, Szymon"]
[Black "Vocaturo, Daniele"]
[Result "1/2-1/2"]
[WhiteElo "2558"]
[BlackElo "2619"]
[EventDate "2023.03.03"]
[PlyCount "131"]

1.c4 e6 2.Nc3 d5 3.d4 c5 4.cxd5 exd5 5.Nf3 Nf6 6.g3 Nc6 7.a3 c4 8.Bg5 Be7 
9.Bg2 O-O 10.e3 h6 11.Bxf6 Bxf6 12.Ng1 Ne7 13.Nge2 Bg4 14.h3 Bxe2 15.Qxe2 
Qd7 16.Qg4 Qe6 17.O-O Rfd8 18.b3 Rac8 19.Rfb1 b6 20.a4 Qd6 21.Qh5 Kf8 22.
h4 a6 23.bxc4 Rxc4 24.Ne2 Rb4 25.Nf4 Rxb1+ 26.Rxb1 Qc6 27.Qe2 g5 28.hxg5 
hxg5 29.Nh3 a5 30.Qh5 Rd6 31.Qh6+ Bg7 32.Qxg5 Qxa4 33.Qf4 Qc6 34.Ng5 Bf6 
35.Nf3 Ng6 36.Qf5 b5 37.Ne5 Bxe5 38.dxe5 Rd8 39.Qf6 Qxf6 40.exf6 b4 41.f4 
Kg8 42.Kf2 Nf8 43.Ra1 b3 44.Rxa5 Rb8 45.Bxd5 b2 46.Be4 b1=Q 47.Bxb1 Rxb1 
48.g4 Kh7 49.Kf3 Kg6 50.g5 Nh7 51.Ra7 Rg1 52.e4 Nxg5+ 53.fxg5 Rxg5 54.Kf4 
Rh5 55.Ra6 Rb5 56.Rc6 Ra5 57.Ke3 Ra3+ 58.Kf4 Ra5 59.Rb6 Ra1 60.Rd6 Ra5 61.
Ke3 Ra3+ 62.Kd4 Ra4+ 63.Ke5 Ra5+ 64.Kf4 Ra1 65.Rb6 Ra5 66.Rc6 1/2-1/2

[Event "23rd EUR-ch"]
[Site "Vrnjacka Banja SRB"]
[Date "2023.03.12"]
[Round "10.14"]
[White "Subelj, Jan"]
[Black "Kuzubov, Yuriy"]
[Result "0-1"]
[WhiteElo "2496"]
[BlackElo "2616"]
[EventDate "2023.03.03"]
[PlyCount "118"]

1.e4 c5 2.Nf3 Nc6 3.Bb5 g6 4.O-O Bg7 5.c3 Nf6 6.Re1 O-O 7.d4 d5 8.e5 Ne4 
9.Be3 cxd4 10.cxd4 f6 11.exf6 exf6 12.Nc3 Bg4 13.Rc1 Kh8 14.h3 Bxf3 15.
gxf3 Nd6 16.Bd3 Nc4 17.Bxc4 dxc4 18.Ne2 Rc8 19.Nf4 Qd7 20.Rxc4 g5 21.Nh5 
Qxh3 22.f4 Bh6 23.fxg5 Rg8 24.Ng3 Bxg5 25.Qf3 Rce8 26.Re2 Bh4 27.Bf4 Rxe2 
28.Qxe2 Qf5 29.Qd2 Ne7 30.Kh2 Bxg3+ 31.Bxg3 Nd5 32.Qh6 Qg6 33.Qh4 b6 34.
Rc6 Rd8 35.Be5 Kg7 36.Rc1 Kf7 37.Bg3 h5 38.f3 Re8 39.Rg1 Qf5 40.Qh3 Re2+ 
41.Rg2 Qxf3 42.Qd7+ Ne7 43.Rxe2 Qxe2+ 44.Kh3 Qe6+ 45.Qxe6+ Kxe6 46.Bb8 Nc6
47.Bc7 Kd7 48.Bf4 Ne7 49.Bb8 Nf5 50.Bxa7 Kc7 51.a4 Kb7 52.Bxb6 Kxb6 53.b4 
Nxd4 54.Kh4 Kc6 55.b5+ Kd5 56.b6 Nc6 57.b7 f5 58.a5 Nb8 59.Kg5 Ke5 0-1

[Event "23rd EUR-ch"]
[Site "Vrnjacka Banja SRB"]
[Date "2023.03.12"]
[Round "10.15"]
[White "Warmerdam, Max"]
[Black "Janik, Igor"]
[Result "0-1"]
[WhiteElo "2614"]
[BlackElo "2527"]
[EventDate "2023.03.03"]
[PlyCount "82"]

1.Nf3 Nf6 2.g3 b5 3.Bg2 Bb7 4.O-O e6 5.d3 Be7 6.Na3 a6 7.c4 Bxa3 8.bxa3 
bxc4 9.Rb1 Bc6 10.dxc4 O-O 11.Be3 d6 12.Qd2 Be4 13.Rb3 Nbd7 14.h3 a5 15.a4
Ra6 16.Rc1 Qa8 17.Qe1 Rb8 18.Rb5 c6 19.Rxb8+ Qxb8 20.Bf1 c5 21.Nd2 Bc6 22.
Nb3 Qb4 23.Bd2 Qxa4 24.Nxa5 Ba8 25.Nb3 Qc6 26.f3 Rxa2 27.Bc3 h6 28.Nd2 d5 
29.cxd5 exd5 30.e4 dxe4 31.fxe4 Nxe4 32.Bg2 f5 33.Nxe4 fxe4 34.Qe3 Qd6 35.
Bf1 Kh7 36.Bc4 Ra3 37.Qf2 Ne5 38.Qf5+ Ng6 39.Be1 Rf3 40.Qe6 Qd4+ 41.Kg2 
Rf8 0-1

[Event "23rd EUR-ch"]
[Site "Vrnjacka Banja SRB"]
[Date "2023.03.12"]
[Round "10.16"]
[White "Dardha, Daniel"]
[Black "Parkhov, Yair"]
[Result "1-0"]
[WhiteElo "2610"]
[BlackElo "2485"]
[EventDate "2023.03.03"]
[PlyCount "75"]

1.Nf3 d5 2.e3 Nf6 3.c4 e6 4.b3 Be7 5.Bb2 O-O 6.Nc3 c5 7.cxd5 Nxd5 8.Qc2 
Nc6 9.h4 f5 10.Be2 Bd7 11.a3 Be8 12.Ng5 Nc7 13.Nb5 Bd7 14.Nxc7 Qxc7 15.g4 
Nd8 16.gxf5 exf5 17.Bc4+ Kh8 18.h5 h6 19.Nf3 Bf6 20.Nh4 Bxh4 21.Rxh4 Be6 
22.O-O-O Bxc4 23.Qxc4 Qf7 24.Rg1 Qxc4+ 25.bxc4 Ne6 26.Rg6 Rae8 27.Rxh6+ 
Kg8 28.Rg6 Kf7 29.d4 cxd4 30.exd4 Rh8 31.Rg3 f4 32.Rg1 Rh7 33.d5 Nc5 34.
Rxf4+ Kg8 35.Rf3 Re4 36.h6 Rxc4+ 37.Kd1 Ne4 38.Bxg7 1-0

[Event "23rd EUR-ch"]
[Site "Vrnjacka Banja SRB"]
[Date "2023.03.12"]
[Round "10.17"]
[White "Martirosian, Haik M."]
[Black "Gurel, Ediz"]
[Result "1/2-1/2"]
[WhiteElo "2686"]
[BlackElo "2454"]
[EventDate "2023.03.03"]
[PlyCount "216"]

1.d4 d5 2.c4 c6 3.Nf3 Nf6 4.Nc3 e6 5.Bg5 h6 6.Bxf6 Qxf6 7.e3 Nd7 8.Bd3 
dxc4 9.Bxc4 g6 10.O-O Bg7 11.Ne4 Qe7 12.Qc2 O-O 13.Bb3 a5 14.Rfd1 Nf6 15.
Ned2 Rd8 16.Rac1 Bd7 17.a3 Be8 18.e4 Nd7 19.Ba2 Kh8 20.h4 e5 21.d5 cxd5 
22.Bxd5 Nf6 23.Ba2 Bc6 24.Re1 Ng4 25.Nc4 Ra6 26.Rcd1 Rxd1 27.Rxd1 Bd7 28.
Ncd2 Rc6 29.Qd3 Qc5 30.Qf1 Qe7 31.Qd3 Qc5 32.Qe2 Qe7 33.Nb1 Bf8 34.Nc3 Be6
35.Bd5 Bxd5 36.exd5 Rc8 37.g3 Rd8 38.h5 gxh5 39.Nh4 Qd7 40.Qf3 Bc5 41.Ne4 
Bd4 42.d6 Qe6 43.Nf5 Bb6 44.b4 axb4 45.axb4 Qg6 46.Rd5 Ra8 47.d7 Qc6 48.
Nc5 Bc7 49.Qd1 Qf6 50.Qc2 h4 51.Rd1 hxg3 52.fxg3 Qg6 53.Rf1 Ra3 54.Qd2 Kh7
55.d8=Q Bxd8 56.Qxd8 Qh5 57.Qh4 Qxh4 58.gxh4 b6 59.Ne4 Rb3 60.b5 Rxb5 61.
Nfd6 Rb4 62.h5 f5 63.Nc3 Rb3 64.Rc1 Nf6 65.Nxf5 Nxh5 66.Ne4 Kg6 67.Nh4+ 
Kf7 68.Rc6 Rb4 69.Nf5 Nf4 70.Rf6+ Ke8 71.Rxh6 Kd7 72.Ned6 Kc6 73.Kf2 Kc5 
74.Nb7+ Kb5 75.Nd8 Rb3 76.Nf7 Kc5 77.Rh8 e4 78.Rc8+ Kd5 79.Ne3+ Ke6 80.
Ng5+ Kd7 81.Rh8 Nd3+ 82.Kf1 Nc5 83.Ke2 Rb2+ 84.Kd1 Kc6 85.Nf7 Nd3 86.Rh6+ 
Kc5 87.Nc2 Nf2+ 88.Kc1 Nd3+ 89.Kd2 Nb4 90.Rh5+ Kc4 91.Nd6+ Kb3 92.Rh3+ Nd3
93.Nxe4 Rxc2+ 94.Kxd3 Rc8 95.Rh6 Rd8+ 96.Nd6 b5 97.Kd4 b4 98.Kc5 Rb8 99.
Rh3+ Kc2 100.Kc4 b3 101.Rh2+ Kb1 102.Rh1+ Kc2 103.Rh2+ Kb1 104.Ne4 b2 105.
Nc3+ Ka1 106.Rh1+ b1=Q 107.Nxb1 Rxb1 108.Rxb1+ Kxb1 1/2-1/2

[Event "23rd EUR-ch"]
[Site "Vrnjacka Banja SRB"]
[Date "2023.03.12"]
[Round "10.18"]
[White "Sargissian, Gabriel"]
[Black "Murzin, Volodar"]
[Result "1/2-1/2"]
[WhiteElo "2699"]
[BlackElo "2554"]
[EventDate "2023.03.03"]
[PlyCount "114"]

1.d4 d5 2.c4 c6 3.Nf3 Nf6 4.Nc3 e6 5.Bg5 Nbd7 6.cxd5 exd5 7.Qc2 Be7 8.e3 
O-O 9.Bd3 h6 10.Bh4 Re8 11.O-O Ne4 12.Bxe4 Bxh4 13.Bh7+ Kh8 14.Nxh4 Qxh4 
15.Bd3 Qe7 16.Rfe1 Nf6 17.f3 Bd7 18.Rad1 c5 19.Bf1 Bc6 20.dxc5 Qxc5 21.Qd3
Re5 22.Qd4 Qe7 23.Bd3 Re8 24.Qxa7 Qb4 25.Re2 b6 26.Qa3 Qxa3 27.bxa3 Ra8 
28.Bc2 Rxa3 29.Bb3 Ra5 30.Kf2 Re8 31.Rc2 Rc5 32.Rd4 Rc8 33.Ke2 Bb5+ 34.
Nxb5 Rxc2+ 35.Bxc2 Rxc2+ 36.Rd2 Rc5 37.Nd4 Ra5 38.Kd1 Ra3 39.Nb3 Kg8 40.
Kc1 Kf8 41.Kb2 Ra8 42.Rd3 Ke7 43.Nd4 Ne8 44.Nb5 Ke6 45.Kb3 Rc8 46.Rc3 
Rxc3+ 47.Kxc3 Kd7 48.g4 Nd6 49.Nxd6 Kxd6 50.Kd4 g6 51.h4 f5 52.a4 h5 53.
gxh5 gxh5 54.f4 Ke6 55.Kd3 Kd6 56.Kc2 Kc6 57.Kd3 Kd7 1/2-1/2

[Event "23rd EUR-ch"]
[Site "Vrnjacka Banja SRB"]
[Date "2023.03.12"]
[Round "10.19"]
[White "Kobalia, Mikhail"]
[Black "Navara, David"]
[Result "1/2-1/2"]
[WhiteElo "2577"]
[BlackElo "2685"]
[EventDate "2023.03.03"]
[PlyCount "165"]

1.d4 d5 2.Nf3 Nf6 3.c4 c6 4.e3 Bf5 5.Nc3 e6 6.Nh4 Be4 7.f3 Bg6 8.Bd2 Be7 
9.Qb3 Qc7 10.cxd5 cxd5 11.Nxg6 hxg6 12.O-O-O Nc6 13.Kb1 a6 14.Rc1 Rc8 15.
Bd3 Nd7 16.Ne2 b5 17.a4 bxa4 18.Qxa4 Nb6 19.Qa2 O-O 20.Rc2 Qd7 21.Rhc1 Nb4
22.Bxb4 Bxb4 23.Rxc8 Nxc8 24.Qxa6 Bd2 25.Bb5 Qd8 26.Rc6 Bxe3 27.Rc3 Bf2 
28.Qa8 Nd6 29.Qxd8 Rxd8 30.Bd3 Rb8 31.Kc2 Kf8 32.Rb3 Rc8+ 33.Rc3 Ke7 34.
Rxc8 Nxc8 35.Kd2 Na7 36.Bc2 Nc6 37.Kd3 Nb4+ 38.Kd2 g5 39.Ba4 f6 40.Bb5 Kd6
41.Ba4 g4 42.Be8 Na6 43.Bb5 Nc7 44.Ba4 g5 45.Kd3 gxf3 46.gxf3 Na8 47.Bb5 
Nc7 48.Ba4 Na8 49.Bb5 Nb6 50.Nc3 Nc8 51.Ba4 Ne7 52.Be8 Nf5 53.Ne2 Nh4 54.
Bh5 Ng2 55.b4 Be1 56.b5 Ba5 57.Kc2 Ke7 58.Kb3 Ne3 59.h3 Nc4 60.f4 gxf4 61.
Nxf4 Nd6 62.Ng6+ Ke8 63.Nf4+ Kd7 64.Bg4 f5 65.Be2 Ne4 66.Kc2 Bb6 67.Kd3 
Nd6 68.Kc3 Ne4+ 69.Kd3 Bc7 70.Ke3 Nc3 71.Nd3 Bb6 72.Ne5+ Kd6 73.Nc6 e5 74.
Nxe5 Bxd4+ 75.Kxd4 Nxe2+ 76.Ke3 Ng1 77.Kf4 Nxh3+ 78.Kxf5 Kc5 79.Nd3+ Kxb5 
80.Ke5 Kc4 81.Nb2+ Kb3 82.Kxd5 Kxb2 83.Ke4 1/2-1/2

[Event "23rd EUR-ch"]
[Site "Vrnjacka Banja SRB"]
[Date "2023.03.12"]
[Round "10.20"]
[White "Lagarde, Maxime"]
[Black "Saric, Ivan"]
[Result "1/2-1/2"]
[WhiteElo "2581"]
[BlackElo "2674"]
[EventDate "2023.03.03"]
[PlyCount "87"]

1.d4 Nf6 2.Nf3 g6 3.c4 Bg7 4.Nc3 O-O 5.e4 d6 6.Be2 e5 7.O-O c6 8.d5 Na6 9.
Bg5 h6 10.Be3 Ng4 11.Bc1 f5 12.exf5 gxf5 13.g3 Nf6 14.Nh4 Nc7 15.a4 cxd5 
16.cxd5 Bd7 17.f4 e4 18.Be3 Na6 19.Nb5 Ne8 20.Qd2 Nc5 21.Ra3 a5 22.Nxd6 
Nxd6 23.Bxc5 Qf6 24.Ng2 Rfc8 25.Bxd6 Qxd6 26.Bb5 Bxb5 27.axb5 Qb4 28.Rf2 
Qxb5 29.Ne3 Rf8 30.Kg2 a4 31.d6 Rfd8 32.Qd1 Ra6 33.Rd2 Bf8 34.d7 Bxa3 35.
bxa3 Qb3 36.Qe2 Rf6 37.Rd5 Rf7 38.Qd2 Qxa3 39.Nxf5 Qf8 40.Qa2 Kh8 41.Qa1+ 
Kg8 42.Qa2 Kh8 43.Qa1+ Kg8 44.Qa2 1/2-1/2

[Event "23rd EUR-ch"]
[Site "Vrnjacka Banja SRB"]
[Date "2023.03.12"]
[Round "10.21"]
[White "Cheparinov, Ivan"]
[Black "Suleymanli, Aydin"]
[Result "1/2-1/2"]
[WhiteElo "2661"]
[BlackElo "2552"]
[EventDate "2023.03.03"]
[PlyCount "61"]

1.e4 e5 2.Nf3 Nc6 3.Bc4 Nf6 4.d3 Bc5 5.O-O d6 6.c3 O-O 7.h3 a5 8.Re1 Be6 
9.Bb5 Ba7 10.Nbd2 Ne7 11.Ba4 Ng6 12.d4 c6 13.Bc2 b5 14.a4 b4 15.Nf1 Rb8 
16.Ng3 h6 17.Be3 Qc7 18.Qc1 Kh7 19.Nf5 Ng8 20.h4 f6 21.h5 Nh8 22.N3h4 Ne7 
23.Ng3 bxc3 24.bxc3 Nf7 25.Qd2 Rb2 26.Reb1 Rfb8 27.Qc1 Rxb1 28.Rxb1 Rxb1 
29.Qxb1 Kg8 30.Bd3 Qb8 31.Qxb8+ 1/2-1/2

[Event "23rd EUR-ch"]
[Site "Vrnjacka Banja SRB"]
[Date "2023.03.12"]
[Round "10.22"]
[White "Mchedlishvili, Mikheil"]
[Black "Ponomariov, Ruslan"]
[Result "1/2-1/2"]
[WhiteElo "2569"]
[BlackElo "2655"]
[EventDate "2023.03.03"]
[PlyCount "43"]

1.e4 e5 2.Nf3 Nc6 3.Bc4 Nf6 4.d3 Be7 5.O-O O-O 6.Nc3 d6 7.a4 a5 8.Bd2 Be6 
9.Nd5 Bxd5 10.exd5 Nb4 11.Bxb4 axb4 12.Qd2 c6 13.Qxb4 cxd5 14.Bb3 d4 15.a5
Qc7 16.Rfe1 Ra6 17.g3 Rfa8 18.Qc4 Qxc4 19.Bxc4 Rxa5 20.Rxa5 Rxa5 21.Nxd4 
g6 22.Nf3 1/2-1/2

[Event "23rd EUR-ch"]
[Site "Vrnjacka Banja SRB"]
[Date "2023.03.12"]
[Round "10.23"]
[White "Donchenko, Alexander"]
[Black "Boruchovsky, Avital"]
[Result "1-0"]
[WhiteElo "2653"]
[BlackElo "2536"]
[EventDate "2023.03.03"]
[PlyCount "121"]

1.d4 Nf6 2.c4 e6 3.g3 d5 4.Bg2 dxc4 5.Nf3 a6 6.O-O Nc6 7.Nc3 Rb8 8.e4 Be7 
9.Qe2 b5 10.Rd1 O-O 11.d5 exd5 12.e5 d4 13.exf6 Bxf6 14.Ne4 Bb7 15.Nxf6+ 
Qxf6 16.Bg5 Qg6 17.Bf4 Nb4 18.Bxc7 Rbe8 19.Ne5 Bxg2 20.Nxg6 Rxe2 21.Nxf8 
Nc2 22.Kxg2 Nxa1 23.Rxa1 Kxf8 24.Bb6 d3 25.Bd4 f6 26.Bc3 Kf7 27.a3 h5 28.
h3 Rc2 29.Re1 a5 30.Rb1 a4 31.Re1 b4 32.Bxb4 Rxb2 33.Kf3 g5 34.Ke3 Kg6 35.
Rf1 Re2+ 36.Kd4 d2 37.Rd1 Rxf2 38.Rxd2 Rf3 39.Rg2 h4 40.gxh4 Rf4+ 41.Kc5 
Rxh4 42.Rg3 f5 43.Kb5 f4 44.Rc3 Kf5 45.Kxa4 Ke4 46.Bc5 Rh7 47.Bf2 Kd5 48.
Kb5 Re7 49.a4 Re2 50.Bc5 Rb2+ 51.Bb4 Rb3 52.a5 Rxc3 53.Bxc3 f3 54.a6 f2 
55.a7 f1=Q 56.a8=Q+ Ke6 57.Qe8+ Kd6 58.Qc6+ Ke7 59.Bb4+ Kd8 60.Qd6+ Kc8 
61.Qe6+ 1-0

[Event "23rd EUR-ch"]
[Site "Vrnjacka Banja SRB"]
[Date "2023.03.12"]
[Round "10.24"]
[White "Teclaf, Pawel"]
[Black "Indjic, Aleksandar"]
[Result "1/2-1/2"]
[WhiteElo "2568"]
[BlackElo "2636"]
[EventDate "2023.03.03"]
[PlyCount "33"]

1.c4 c5 2.Nf3 Nc6 3.e3 Nf6 4.Nc3 e5 5.Be2 d5 6.d4 exd4 7.exd4 Be6 8.cxd5 
Nxd5 9.O-O Be7 10.dxc5 Nxc3 11.bxc3 Qxd1 12.Rxd1 Bxc5 13.Ng5 O-O 14.Bf4 
Rfe8 15.Bf3 Bc4 16.Ne4 Bf8 17.Nd6 1/2-1/2

[Event "23rd EUR-ch"]
[Site "Vrnjacka Banja SRB"]
[Date "2023.03.12"]
[Round "10.25"]
[White "Rakhmanov, Alexander"]
[Black "Maurizzi, Marc`Andria"]
[Result "1/2-1/2"]
[WhiteElo "2635"]
[BlackElo "2535"]
[EventDate "2023.03.03"]
[PlyCount "156"]

1.d4 Nf6 2.Nf3 g6 3.g3 Bg7 4.Bg2 O-O 5.O-O d6 6.Re1 Nc6 7.d5 Nb8 8.e4 e5 
9.dxe6 Bxe6 10.Nd4 Bg4 11.f3 Bd7 12.Nc3 Nc6 13.Be3 Re8 14.Nxc6 bxc6 15.Qd2
d5 16.Bg5 dxe4 17.Nxe4 Nxe4 18.Rxe4 Qc8 19.Rxe8+ Qxe8 20.Re1 Qc8 21.c3 Be6
22.a3 Rb8 23.h4 Rb5 24.Kh2 a5 25.Re2 Rd5 26.Qe1 h6 27.Be3 Qd7 28.Rd2 Qd6 
29.Bf4 Qd8 30.Qf2 Qb8 31.Be3 Qb5 32.Bf4 Qb8 33.Bf1 Bf8 34.Be3 Qd8 35.Bg2 
Bd6 36.f4 Rxd2 37.Qxd2 Qe8 38.Bd4 Bd5 39.Qe3 Qb8 40.c4 Bxg2 41.Kxg2 c5 42.
Bc3 Kh7 43.Qe4 a4 44.Qc6 Qb3 45.Qe4 h5 46.Qd3 Qb7+ 47.Qd5 Qxd5+ 48.cxd5 c4
49.Kf3 Bc5 50.Ke4 Kg8 51.Bd4 f5+ 52.Ke5 c3 53.Bxc3 Kf7 54.Ba5 Bf2 55.Bxc7 
Ke7 56.d6+ Kd7 57.Kf6 Bxg3 58.Kg5 Bf2 59.Ba5 Kxd6 60.Kxg6 Bxh4 61.Kxf5 Bg3
62.Bc3 h4 63.Kg4 Ke6 64.Bd4 Kd5 65.Bg7 Ke4 66.Be5 Bf2 67.Bc3 h3 68.Kxh3 
Kxf4 69.Kg2 Bc5 70.Kf1 Ke3 71.Ke1 Kd3 72.Kd1 Bxa3 73.bxa3 Kxc3 74.Kc1 Kb3 
75.Kb1 Kxa3 76.Ka1 Kb3 77.Kb1 a3 78.Ka1 a2 1/2-1/2

[Event "23rd EUR-ch"]
[Site "Vrnjacka Banja SRB"]
[Date "2023.03.12"]
[Round "10.26"]
[White "Kozak, Adam"]
[Black "Petrosian, Manuel"]
[Result "1/2-1/2"]
[WhiteElo "2552"]
[BlackElo "2634"]
[EventDate "2023.03.03"]
[PlyCount "144"]

1.e4 c6 2.Nf3 d5 3.exd5 cxd5 4.Ne5 Nc6 5.d4 e6 6.Bb5 Bd7 7.Nxd7 Qxd7 8.c3 
Bd6 9.Nd2 Nge7 10.Nf3 O-O 11.O-O f6 12.Re1 Rae8 13.Ba4 g5 14.h4 g4 15.Nh2 
f5 16.Nxg4 fxg4 17.Qxg4+ Kh8 18.Bh6 Nf5 19.Bxf8 Rxf8 20.Bc2 Rg8 21.Qh3 Qf7
22.Bxf5 exf5 23.Re2 Ne7 24.h5 f4 25.Qe6 Qxh5 26.Qf6+ Rg7 27.f3 Qg6 28.Qxg6
hxg6 29.Rae1 Kg8 30.Re6 Nf5 31.Re8+ Kf7 32.Ra8 a6 33.Rd8 Kf6 34.Ree8 Rc7 
35.Kf2 Rc6 36.Rd7 Rb6 37.Re2 Ng3 38.Rc2 Ke6 39.Rd8 Be7 40.Rb8 Kf5 41.Ke1 
Re6+ 42.Kd1 b5 43.Rf2 Bh4 44.Rb7 Kf6 45.Rh7 g5 46.Rh6+ Kf7 47.Rxe6 Kxe6 
48.Kc2 Kd6 49.Kd3 a5 50.b3 Nf5 51.Re2 g4 52.c4 bxc4+ 53.bxc4 dxc4+ 54.Kxc4
g3 55.Kd3 Ne3 56.Ke4 Bg5 57.a4 Ke6 58.Rb2 Nd5 59.Rc2 Be7 60.Rc6+ Bd6 61.
Ra6 Nc3+ 62.Kd3 Nxa4 63.Rxa5 Nb2+ 64.Ke4 Nc4 65.Ra6 Ne3 66.Rxd6+ Kxd6 67.
Kxf4 Nf1 68.Ke4 Ke6 69.f4 Nd2+ 70.Ke3 Nc4+ 71.Kf3 Kd5 72.Kxg3 Kxd4 1/2-1/2

[Event "23rd EUR-ch"]
[Site "Vrnjacka Banja SRB"]
[Date "2023.03.12"]
[Round "10.27"]
[White "Sebenik, Matej"]
[Black "Sargsian, Shant"]
[Result "1/2-1/2"]
[WhiteElo "2536"]
[BlackElo "2630"]
[EventDate "2023.03.03"]
[PlyCount "87"]

1.Nf3 d5 2.d4 Nf6 3.c4 e6 4.g3 dxc4 5.Bg2 a6 6.O-O Nc6 7.Nbd2 b5 8.b3 Rb8 
9.Bb2 cxb3 10.Nxb3 Bb7 11.Qc1 Bd6 12.e4 Be7 13.Rd1 O-O 14.d5 exd5 15.Nh4 
Nd7 16.exd5 Nce5 17.Nf5 Bf6 18.Na5 Nc4 19.Nxc4 bxc4 20.Rb1 Ba8 21.Qc2 Bxb2
22.Rxb2 Rxb2 23.Qxb2 Qf6 24.Qxf6 Nxf6 25.Rc1 Rd8 26.Rxc4 g6 27.d6 cxd6 28.
Bxa8 gxf5 29.Bb7 a5 30.Rf4 d5 31.Rxf5 Kg7 32.Ba6 Rb8 33.Kg2 Rb2 34.a4 Kg6 
35.Bd3 Kg7 36.h3 Rd2 37.Bb5 Ne4 38.Bc6 Nc3 39.g4 h6 40.h4 Rd4 41.Kf3 Rd3+ 
42.Kg2 Rd4 43.Kf3 Rd3+ 44.Kg2 1/2-1/2

[Event "23rd EUR-ch"]
[Site "Vrnjacka Banja SRB"]
[Date "2023.03.12"]
[Round "10.28"]
[White "Nasuta, Grzegorz"]
[Black "Kovalev, Vladislav"]
[Result "1/2-1/2"]
[WhiteElo "2535"]
[BlackElo "2623"]
[EventDate "2023.03.03"]
[PlyCount "26"]

1.e4 e5 2.Nf3 Nc6 3.Bc4 Nf6 4.d3 Be7 5.O-O O-O 6.Re1 d6 7.a3 Kh8 8.h3 Ng8 
9.Nc3 f5 10.Nd5 Nf6 11.Ng5 Ng8 12.Nf3 Nf6 13.Ng5 Ng8 1/2-1/2

[Event "23rd EUR-ch"]
[Site "Vrnjacka Banja SRB"]
[Date "2023.03.12"]
[Round "10.29"]
[White "Rodshtein, Maxim"]
[Black "Kacharava, Nikolozi"]
[Result "0-1"]
[WhiteElo "2622"]
[BlackElo "2531"]
[EventDate "2023.03.03"]
[PlyCount "110"]

1.c4 e5 2.g3 c6 3.Nf3 e4 4.Nd4 d5 5.cxd5 Qxd5 6.Nc2 Nf6 7.Nc3 Qh5 8.Ne3 
Bc5 9.Qa4 O-O 10.Nxe4 Nxe4 11.Qxe4 Be6 12.Bg2 Bxe3 13.Qxe3 Nd7 14.Bf3 Bg4 
15.Bxg4 Qxg4 16.Qf4 Qe6 17.d3 Rfe8 18.Be3 Nf6 19.Qf3 Ng4 20.Bf4 Rad8 21.
Kf1 Ne5 22.Qe4 Qh3+ 23.Qg2 Qf5 24.Kg1 Qf6 25.Rb1 g5 26.Bxg5 Qxg5 27.f4 Qg7
28.fxe5 Qxe5 29.Kf1 Rd6 30.a3 Qd4 31.h4 Rf6+ 32.Ke1 Qxd3 33.Rd1 Qc2 34.Rf1
Qxb2 35.Rxf6 Qxf6 36.Rd3 Qa1+ 37.Kf2 Re6 38.g4 Qb2 39.Kf1 Rf6+ 40.Rf3 Qxa3
41.Qf2 Rxf3 42.exf3 c5 43.Kg2 Qc3 44.Qe2 h6 45.Qe7 Qd2+ 46.Kg3 Qd5 47.f4 
c4 48.Qf6 Qd3+ 49.Kf2 Qd2+ 50.Kf3 Qd3+ 51.Kf2 c3 52.g5 Qd2+ 53.Kf3 Qd5+ 
54.Kf2 Qc5+ 55.Kg3 hxg5 0-1

[Event "23rd EUR-ch"]
[Site "Vrnjacka Banja SRB"]
[Date "2023.03.12"]
[Round "10.30"]
[White "Dvirnyy, Danyyil"]
[Black "Ter-Sahakyan, Samvel"]
[Result "1/2-1/2"]
[WhiteElo "2531"]
[BlackElo "2616"]
[EventDate "2023.03.03"]
[PlyCount "59"]

1.c4 e5 2.g3 c6 3.d4 e4 4.a3 d5 5.Nc3 h6 6.Bg2 Nf6 7.f3 exf3 8.Nxf3 Be7 9.
O-O O-O 10.Bf4 dxc4 11.e4 Bg4 12.h3 Bxf3 13.Bxf3 Na6 14.Qd2 Nc7 15.Rad1 
Ne6 16.Be3 Nd7 17.Be2 c5 18.dxc5 Bxc5 19.Bxc5 Ndxc5 20.Bxc4 Qxd2 21.Rxd2 
Rad8 22.Bd5 Ng5 23.h4 Ncxe4 24.Nxe4 Nxe4 25.Bxf7+ Kh7 26.Rxd8 Rxd8 27.h5 
Ng5 28.Bg6+ Kg8 29.Rc1 Kf8 30.Rc2 1/2-1/2